| 000 | 00623nam a2200169Ia 4500 | ||
|---|---|---|---|
| 008 | 090123s9999 xx 000 0 und d | ||
| 082 | _b7066 | ||
| 100 | _a"दाते,काळे,बर्वे" | ||
| 245 | _aमराठी नियतकालिकांची सूची | ||
| 250 | _a1 | ||
| 300 | _a338 | ||
| 600 | _a"दाते,काळे,बर्वे" | ||
| 630 | _aमराठी नियतकालिकांची सूची | ||
| 700 | _a"दाते,काळे,बर्वे" | ||
| 730 | _aमराठी नियतकालिकांची सूची | ||
| 942 | _cBOOK | ||
| 999 |
_c45131 _d45131 |
||